Bí mật thành Paris; T1 = Les mystères de Paris

Guardat en:
Dades bibliogràfiques
Autor principal: Eugène Sue
Format: Llibre
Idioma:Undetermined
Publicat: Hà Nội Văn Học 1999
Matèries:
Etiquetes: Afegir etiqueta
Sense etiquetes, Sigues el primer a etiquetar aquest registre!
Thư viện lưu trữ: Trung tâm Học liệu Trường Đại học Cần Thơ
LEADER 00591nam a2200181Ia 4500
001 CTU_39571
008 210402s9999 xx 000 0 und d
082 |a 843.9 
082 |b S944/T1 
100 |a Eugène Sue 
245 0 |a Bí mật thành Paris; T1 
245 0 |b = Les mystères de Paris 
245 0 |c Eugène Sue; Dịch giả: Nguyễn Xuân Dương 
260 |a Hà Nội 
260 |b Văn Học 
260 |c 1999 
650 |a french fiction - 20th century ( vietnamese ),french literature -20th century 
980 |a Trung tâm Học liệu Trường Đại học Cần Thơ